| 000 | 00828nam a2200217 a 4500 | ||
|---|---|---|---|
| 003 | 0 | ||
| 005 | 20250305144937.0 | ||
| 008 | 090707s19uu xx 00 eng d | ||
| 050 |
_aPGS BF 697.5.S43 _b.Sa257 2009 |
||
| 100 | _aSaunar, Helena Gabrielle N. | ||
| 245 |
_aSelf esteem and extracurricular activities / _cHelena Gabrielle N. Saunar. |
||
| 260 |
_aLas PiƱas City, Philippines : _bSouthville International School and Colleges, _c2009. |
||
| 300 |
_a24 pages : _billustrations ; _c28 cm. |
||
| 504 | _aIncludes bibliographical references. | ||
| 650 | _aSelf-esteem in children. | ||
| 650 |
_aExtracurricular activities _vPsychological aspects. |
||
| 650 |
_aStudent activities _vPsychological aspects. |
||
| 650 |
_aEducation _vExperiential learning. |
||
| 650 |
_aStudents _vPsychology. |
||
| 942 |
_2lcc _cPASS |
||
| 999 |
_c98204 _d98204 |
||